Statistics for Known Hunger Games Victors

Click here to take the quiz!

General Stats

  • This quiz has been taken 44 times
  • The average score is 14 of 22

Answer Stats

DistrictYear WonAge when wonAnswer% Correct
12#7416Katniss Everdeen
94%
12#7416Peeta Mellark
94%
4#6514Finnick Odair
92%
7#7117Johanna Mason
89%
4#1116Mags Flanagan
89%
3#3917Beetee Latier
86%
4#7018Annie Cresta
83%
3#41UnknownWiress
81%
12#1016Lucy Grey Baird
78%
1#6415Cashmere Nicholo
72%
2#62UnknownEnobaria
72%
1#6315Gloss Nicholo
72%
12#5016Haymitch Abernathy
72%
2#4616Brutus Gunn
64%
11#45UnknownChaff Mitchell
58%
11#3016Seeder Howell
53%
7#Unknown18Blight Jordan
42%
8#1717Woof Casino
39%
2#5417Lyme Rabe
25%
8#5817Cecelia Sanchez
19%
1#6717Augustus Braun
14%
5#3815Porter Millicent Tripp
14%

Score Distribution

Percentile by Number Answered

Percent of People with Each Score

Your Score History

You have not taken this quiz